| Tag |
First Indicator |
Second Indicator |
Subfields |
| LEADER |
00000cam a2200000Ia 4500 |
| 001 |
in00001810721 |
| 005 |
20151025185756.0 |
| 008 |
920122e199103 ne a tb 000 0 eng d |
| 035 |
|
|
|a (OCoLC)ocm25144094
|
| 040 |
|
|
|a AEB
|c AEB
|d TXA
|d UtOrBLW
|
| 049 |
|
|
|a TXAM
|
| 090 |
|
|
|a TC160
|b .D417 no.449
|
| 100 |
1 |
|
|a Boiten, W.
|q (Wubbo)
|
| 245 |
1 |
0 |
|a Hydraulic design of the pool-type fishway with V-shaped overfalls /
|c W. Boiten.
|
| 264 |
|
1 |
|a [Delft, Netherlands] :
|b Delft Hydraulics,
|c [1991]
|
| 300 |
|
|
|a pages 483-490 :
|b illustrations ;
|c 28 cm.
|
| 336 |
|
|
|a text
|b txt
|2 rdacontent
|
| 337 |
|
|
|a unmediated
|b n
|2 rdamedia
|
| 338 |
|
|
|a volume
|b nc
|2 rdacarrier
|
| 490 |
1 |
|
|a Publication ;
|v no. 449
|
| 500 |
|
|
|a "Paper presented at the International Symposium on Fishways '90, Gifu, Japan, October 8-10, 1990."
|
| 500 |
|
|
|a "March 1991."
|
| 504 |
|
|
|a Includes bibliographical references (page 490).
|
| 650 |
|
0 |
|a Fishways
|x Design and construction.
|
| 650 |
|
0 |
|a Hydraulic structures.
|
| 650 |
|
0 |
|a Fish habitat improvement.
|
| 711 |
2 |
|
|a International Symposium on Fishways '90 in Gifu
|d (1990)
|
| 710 |
2 |
|
|a Waterloopkundig Laboratorium (Delft, Netherlands)
|
| 830 |
|
0 |
|a Publication (Waterloopkundig Laboratorium (Delft, Netherlands) : 1987) ;
|v no. 449.
|
| 948 |
|
|
|a cataloged
|b h
|c 2003/12/15
|d c
|e jgreene
|f 10:37:36 am
|
| 994 |
|
|
|a E0
|b TXA
|
| 999 |
|
|
|a MARS
|
| 999 |
f |
f |
|s 3fdc6f4b-de74-3a77-9c50-a6bf9273ad9e
|i f77af947-b487-3e08-b65c-b54315f7b23a
|t 0
|
| 952 |
f |
f |
|p ric
|a Texas A&M University
|b Rellis Campus
|c Joint Library Facility
|d Remote Storage
|t 0
|e TC160 .D417 no.449
|h Library of Congress classification
|i unmediated -- volume
|m A14830899274
|
| 998 |
f |
f |
|a TC160 .D417 no.449
|t 0
|l Remote Storage
|